Manual para la enseñanza de la lengua en la escuela elemental / (Record no. 20296)
[ view plain ]
| 000 -CABECERA | |
|---|---|
| campo de control de longitud fija | 00745nam a2200193 a 4500 |
| 001 - NÚMERO DE CONTROL | |
| campo de control | 000020792 |
| 005 - FECHA Y HORA DE LA ÚLTIMA TRANSACCIÓN | |
| campo de control | 20200930011148.0 |
| 008 - DATOS DE LONGITUD FIJA--INFORMACIÓN GENERAL | |
| campo de control de longitud fija | 100817s1958 pr 000 0 spa d |
| 040 ## - FUENTE DE LA CATALOGACIÓN | |
| Centro catalogador/agencia de origen | DO-SdBNP |
| Lengua de catalogación | spa |
| Centro/agencia transcriptor | BPJMB |
| 082 ## - NÚMERO DE LA CLASIFICACIÓN DECIMAL DEWEY | |
| Número de clasificación | 372.61 |
| Número de documento/Ítem | G633m |
| 100 1# - ENTRADA PRINCIPAL--NOMBRE DE PERSONA | |
| Nombre de persona | Gómez Tejera, Carmen, |
| 9 (RLIN) | 43573 |
| 245 10 - MENCIÓN DE TÍTULO | |
| Título | Manual para la enseñanza de la lengua en la escuela elemental / |
| Mención de responsabilidad, etc. | Carmen Gómez Tejera, Ana María Losada, Jorge L. Porras Cruz y Enrique A. Laguerre. |
| 260 ## - PUBLICACIÓN, DISTRIBUCIÓN, ETC. | |
| Lugar de publicación, distribución, etc. | Hato Rey, Puerto Rico : |
| Nombre del editor, distribuidor, etc. | Departamento de Instrucción Pública, |
| Fecha de publicación, distribución, etc. | 1958. |
| 300 ## - DESCRIPCIÓN FÍSICA | |
| Extensión | 117 p. ; |
| Dimensiones | 21 cm. |
| 650 #4 - PUNTO DE ACCESO ADICIONAL DE MATERIA--TÉRMINO DE MATERIA | |
| Término de materia o nombre geográfico como elemento de entrada | Español |
| Subdivisión general | Enseñanza básica |
| 9 (RLIN) | 36379 |
| 700 1# - PUNTO DE ACCESO ADICIONAL--NOMBRE DE PERSONA | |
| Nombre de persona | Losada, Ana María, |
| 9 (RLIN) | 43574 |
| 700 1# - PUNTO DE ACCESO ADICIONAL--NOMBRE DE PERSONA | |
| Nombre de persona | Porras Cruz, Jorge L., |
| 9 (RLIN) | 43575 |
| 700 1# - PUNTO DE ACCESO ADICIONAL--NOMBRE DE PERSONA | |
| Nombre de persona | Laguerre, Enrique A., |
| 9 (RLIN) | 20867 |
No items available.
